000 00767nam a2200193 a 4500
003 0
005 20250213112146.0
008 130128s19uu xx 00 eng d
050 _aPHS T 58.5.S78
_b.N456 2012
100 _aNery, Ricardo Gabriel C.
245 _aStudy on the relationship of student's usage of technology and their academic performance in the core subjects /
_cRicardo Gabriel C. Nery.
260 _aLas PiƱas City, Philippines :
_bSouthville International School and Colleges,
_c2012.
300 _a24 pages :
_billustrations ;
_c28 cm.
504 _aIncludes bibliographical references.
650 _aComputer utilization
_xInfluence.
650 _aHigh school students
_xAnalysis.
650 _aAcademic achievement
_xAnalysis.
942 _2lcc
_cPASS
999 _c98867
_d98867